| 000 | 00808nam a2200241 a 4500 | ||
|---|---|---|---|
| 001 | 000009115 | ||
| 003 | DO-SdBNP | ||
| 005 | 20230113093819.0 | ||
| 007 | ta | ||
| 008 | 090928s1939 dr 000 0 spa d | ||
| 040 |
_aDO-SdBNP _bspa _cBNPHU |
||
| 082 |
_aCu861.42 _bH542zU _222 |
||
| 100 | 1 |
_aCiprano de Utrera, fray _923770 |
|
| 245 | 1 | 0 |
_aHeredia / _cCipriano de Utrera. |
| 260 |
_aCiudad Trujillo, República Donimicana : _bFranciscana, _c1939. |
||
| 300 |
_a156 p. ; _c24 cm. |
||
| 500 | _aA la cabeza del título: Centenario de José Maria Heredia (1839-1939) homenaje de la República Dominicana | ||
| 504 | _aBibliografía: p. 145-156 | ||
| 590 | _aInventariado, 2023 / DG | ||
| 600 | 1 | 4 |
_aHEREDIA, JOSÉ MARIA _d1803-1939 _923771 |
| 910 | _aValidado. Control de calidad MFF | ||
| 942 |
_2ddc _cLBS1 |
||
| 999 |
_c8879 _d8879 |
||